La diversità culturale /

Guardat en:
Dades bibliogràfiques
Autor principal: Hannerz, Ulf
Altres autors: Falcioni, Rinaldo
Format: Llibre
Idioma:anglès
Publicat: Bologna Il Mulino c2001 [stampa 2007]
Etiquetes: Afegir etiqueta
Sense etiquetes, Sigues el primer a etiquetar aquest registre!

MARC

LEADER 00000nam a2200000 4500
001 CDOM0000003256
003 mi
005 20250723123334.0
008 250723b |||||||| |||| 00| 0 eng d
020 |a 9788815079107 
040 |c mi 
100 |a Hannerz, Ulf 
245 1 |a La diversità culturale /  |c Ulf Hannerz 
260 |a Bologna  |b Il Mulino  |c c2001 [stampa 2007] 
300 |a 161 p.  |c 20 cm. 
410 0 |a Intersezioni 
700 |a Falcioni, Rinaldo 
942 |2 ddc  |c BK 
952 |0 0  |1 0  |2 ddc  |4 0  |7 0  |9 8837  |a MI  |b MI  |d 2007-06-06  |i 5345  |l 0  |p CDOM5345  |r 2025-07-17 21:50:00  |w 2025-07-17  |x ACQUISTO  |y BK 
999 |c 7345  |d 7345